All Lost Sky Debuts on NCS - Statistics

General Stats
  • This quiz has been taken 6 times
  • The average score is 11 of 12
Answer Stats
feat Title Views % Correct
- Dreams 40M
100%
Sara Skinner Dreams pt. II 112M
100%
- Fearless 42M
100%
Chris Linton Fearless pt. II 223M
100%
- Lost 30M
100%
- Vision 15M
100%
She Is Jules Vision pt. II 11M
100%
Jex Where We Started 75M
100%
Anna Yvette Carry On 192K
80%
ANGELPLAYA, Chris Linton Unbreakable 524K
80%
She Is Jules Darkness 1,9M
60%
- Need You 8,2M
60%
No matching quizzes found
Score Distribution
Percent of People with Each Score
Percentile by Number Answered
Your Score History
You have not taken this quiz